Statistics for Capital Cities With Similar Names as the Country

Click here to take the quiz!

General Stats

  • This quiz has been taken 148 times
  • The average score is 11 of 20

Answer Stats

CountryCapital% Correct
GuatemalaGuatemala City
85%
MexicoMexico City
85%
PanamaPanama City
85%
Vatican CityVatican City
78%
MonacoMonaco
73%
LuxembourgLuxembourg City
72%
San MarinoSan Marino
70%
KuwaitKuwait City
69%
SingaporeSingapore
66%
DjioubtiDjibouti
59%
BrazilBrasília
56%
AndorraAndorra la Vella
49%
TunisiaTunis
49%
AlgeriaAlgiers
47%
El SalvadorSan Salvador
40%
São Tomé & PrincipeSão Tomé
38%
Dominican RepublicSanto Domingo
23%
TaiwanTaipei
23%
Guinea-BissauBissau
21%
MaldivesMalé
20%

Score Distribution

Percentile by Number Answered

Percent of People with Each Score

Your Score History

You have not taken this quiz